000 00288nam a2200097Ia 4500
008 220204s9999 xx 000 0 und d
082 _a632.952
_bPRO
245 0 _aProceedings of the fourth annual conference of the UPASI scientific department
260 _aCoonoor
_bUPASI
_c1956
942 _cBK
999 _c23209
_d23209